000 00452ntaaa2200169 4500
003 01
005 20251027201545.0
008 0714s1973 ag 01
040 _aAR-BaBN
_bspa
_cAR-BaBN
_eaacr
_dRIC
082 _a229.9000 T12
100 _aTaggart, Thomas C.
_914233
245 _aSagradas Escrituras y los libros Apócrifos
250 _a1 ed. :
_bEl Faro,
_c1948
300 _a64 p.
500 _a(Biblioteca del Estudio Bíblico, T. 1)
942 _cBK
999 _c10188
_d10188